00413nam a2200145Ia 4500008004100000020001500041082001600056100001800072245009300090250000600183260002500189300001900214500002400233650001000257230524s9999 xx 000 0 und d a8123913621 a624.15bMUR aV.N.S. Murthy 0aText Book of Soil Mechanics and Foundation Engineering (Geotechnical Engineering Series) a2 aNew DelhibCBSc2015 a"xxiii,1039p;" aQuantity Number: 2 aCivil